[Event "Pinerolo op"]
[Site "Pinerolo"]
[Date "2009.11.13"]
[Round "1"]
[White "Medaglia, Enzo"]
[Black "La Mesa, Sergio"]
[Result "1-0"]
[WhiteElo "1748"]
[BlackElo "1413"]
[PlyCount "59"]
[EventDate "2009.11.13"]
[EventType "swiss"]
[EventRounds "5"]
[EventCountry "ITA"]
[SourceTitle "EXT 2012"]
[Source "ChessBase"]
[SourceDate "2011.11.24"]
[SourceVersion "1"]
[SourceVersionDate "2011.11.24"]
[SourceQuality "1"]

1. e4 g6 2. Nf3 Bg7 3. d4 d6 4. Be2 e6 5. 0-0 Nd7 6. Bg5 Ne7 7. c3 a6 8. Na3 b6 9. Nc2 Bb7 10. Bd3 h6 11. Bd2 e5 12. Qc1 g5 13. h3 Ng6 14. Re1 Nf6 15. Nh2 Nf4 16. Bxf4 gxf4 17. Qd1 Nh7 18. Bc4 Nf6 19. d5 Qd7 20. Bb3 Rg8 21. Na3 Bf8 22. Kh1 Nh7 23. Nc4 Ng5 24. Ng4 Qe7 25. Ba4+ b5 26. Na5 Rb8 27. Bc2 h5 28. Nh2 Rh8 29. h4 Qd7 30. hxg5 1-0